000 004910000a22001810004500
003 MACL
005 20160128132744.0
008 160128b xxu||||| |||| 00| 0 eng d
040 _aMACL
_cMACL
041 _aEnglish
082 _a385.076/SET
100 _aSethi, Dr S
_934402
245 _aRailway Recruitment Board examination for technical Trades
260 _bBright Careers Institute
_c2002
_aNew Delhi
350 _a145
650 _aRail Road
_94562
942 _cBK
_k385.076/SET
_2ddc
999 _c33292
_d33292